Developing estates (Record no. 79277)

MARC details
000 -LEADER
fixed length control field 01022cad a22002055a 4500
001 - CONTROL NUMBER
control field L140452
008 - FIXED-LENGTH DATA ELEMENTS--GENERAL INFORMATION
fixed length control field 070924s2010 xxk f 000 0 eng d
035 ## - SYSTEM CONTROL NUMBER
System control number (Sirsi) u140452
041 0# - LANGUAGE CODE
Language code of text/sound track or separate title eng
110 2# - MAIN ENTRY--CORPORATE NAME
Corporate name or jurisdiction name as entry element United Kingdom
Subordinate unit Land Registry
9 (RLIN) 4774
245 00 - TITLE STATEMENT
Title Developing estates
Remainder of title registration services
Medium [electronic resource]
260 ## - PUBLICATION, DISTRIBUTION, ETC.
Place of publication, distribution, etc. [S.l]
Name of publisher, distributor, etc. Land Registry
Date of publication, distribution, etc. 2010
490 ## - SERIES STATEMENT
Series statement Land Registry Practice Guide
Volume/sequential designation (41)
520 ## - SUMMARY, ETC.
Summary, etc. Gives an overview of relevant Land Registry services to those involved in the registration of developing estates. Explains how early resolution of boundary problems can improve cost effectiveness and reduce delays. For supplements see L14055, L14056, L14058, L140461, L140463 and L140464.
650 24 - SUBJECT ADDED ENTRY--TOPICAL TERM
Topical term or geographic name entry element LAND REGISTRATION ACT 2002
651 #4 - SUBJECT ADDED ENTRY--GEOGRAPHIC NAME
Geographic name England and Wales
Chronological subdivision 1543-
690 ## - LOCAL SUBJECT ADDED ENTRY--TOPICAL TERM (OCLC, RLIN)
Topical term or geographic name as entry element PROPERTY-COMMERCIAL PROPERTY-COMMERCIAL PROPERTY DEVELOPMENT
856 40 - ELECTRONIC LOCATION AND ACCESS
Uniform Resource Identifier <a href="https://www.landreg.gov.uk/upload/documents/pg41.html">https://www.landreg.gov.uk/upload/documents/pg41.html</a>
Public note View this document free of charge at www.landreg.gov.uk...
942 ## - ADDED ENTRY ELEMENTS (KOHA)
Suppress in OPAC 0
Holdings
Withdrawn status Lost status Source of classification or shelving scheme Damaged status Not for loan Home library Current library Shelving location Date acquired Total Checkouts Full call number Barcode Date last seen Copy number Price effective from Koha item type
    Dewey Decimal Classification     Virtual Virtual Online 24/09/2007   ONLINE PUBLICATION 140452-2001 06/08/2019 1 06/08/2019 Book